000 00382nam a22001457a 4500
020 _a0747526222
082 _a370.153
_bGOL
_cD
100 _aGoleman, Daniel
_99683
245 _aEmotional intelligence
260 _aIslamabad
_bPn book club
_cc1996
300 _aviii, 352 p. :
_c18 cm
526 _a0
_b0
_c0
_d370_153000000000000_GOL
650 _aMCE
_9379
942 _2ddc
_cBK
999 _c542880
_d542880